<?xml version="1.0" encoding="UTF-8"?>
<marc:record xmlns:marc="http://www.loc.gov/MARC21/slim">
   <marc:leader>00000nam a2200000 a 4500</marc:leader>
   <marc:datafield ind1="1" ind2=" " tag="100">
      <marc:subfield code="a">Koch, Sabine</marc:subfield>
      <marc:subfield code="4">aut</marc:subfield>
      <marc:subfield code="e">Verfasser/-in</marc:subfield>
   </marc:datafield>
   <marc:datafield ind1=" " ind2=" " tag="653">
      <marc:subfield code="a">Kochbuch</marc:subfield>
   </marc:datafield>
   <marc:datafield ind1=" " ind2=" " tag="653">
      <marc:subfield code="a">Österreich</marc:subfield>
   </marc:datafield>
   <marc:datafield ind1=" " ind2=" " tag="653">
      <marc:subfield code="a">Indien</marc:subfield>
   </marc:datafield>
   <marc:datafield ind1=" " ind2=" " tag="653">
      <marc:subfield code="a">Vegane Ernährung</marc:subfield>
   </marc:datafield>
   <marc:datafield ind1=" " ind2=" " tag="653">
      <marc:subfield code="a">Vegetarische Ernährung</marc:subfield>
   </marc:datafield>
   <marc:datafield ind1="0" ind2="0" tag="245">
      <marc:subfield code="a">G'schmack Mahal: Der Geschmack Indiens und Österreichs. Was Sie    schon immer über Gewürze wissen wollten</marc:subfield>
   </marc:datafield>
   <marc:datafield ind1=" " ind2="1" tag="264">
      <marc:subfield code="b">vita-style</marc:subfield>
      <marc:subfield code="c">2015</marc:subfield>
   </marc:datafield>
   <marc:datafield ind1="1" ind2=" " tag="520">
      <marc:subfield code="a">Klappentext: ä22 Gewürze, 88 Rezepte (indisch, österreichisch, vegetarisch, vegan), Gewürz-Erste-Hilfe! Wussten Sie, dass... ...Anis eine richtiggehende Hirnzellenkur ist, ...Garam Masala die Manneskraft stärkt, ...Kardamom gegen Harnwegsinfektionen wirkt, ...Senf bei Rheuma Wunder wirken kann? Dies und viele weitere Gesundheitstipps, naturheilkundliche Anwendungen, ausführliche Beschreibungen der 22 gängigsten Gewürze und Möglichkeiten für die Verwendung in der Küche vermittelt Ihnen das übersichtlich strukturierte Buch von Sabine Koch, diplomierte Ernährungs- und Diättherapeutin. Bei jedem Gewürz finden Sie 4 Rezepte: je ein indisches, österreichisches, vegetarisches, veganes. Eine Auflistung ermöglicht es Ihnen mit einem Blick das passende Gewürz für Ihr gesundheitliches Anliegen zu finden.ô</marc:subfield>
   </marc:datafield>
   <marc:datafield ind1=" " ind2=" " tag="020">
      <marc:subfield code="a">9783950404906</marc:subfield>
      <marc:subfield code="9">9783950404906</marc:subfield>
   </marc:datafield>
</marc:record>
